Μέθοδοι και τεχνικές πρόβλεψης ζήτησης στην μεταποίηση : η περίπτωση της ποτοποιίας Τέττερης : [μετατπτυχιακή]
Saved in:
| Main Author: | |
|---|---|
| Corporate Author: | |
| Other Authors: | |
| Format: | Thesis Book |
| Language: | Greek |
| Published: |
2009
|
| Subjects: | |
| Online Access: | http://hdl.handle.net/11610/14713 |
| Tags: |
Add Tag
No Tags, Be the first to tag this record!
|
MARC
| LEADER | 00000cam a2200000 i 4500 | ||
|---|---|---|---|
| 001 | 1/14147 | ||
| 008 | 110712s2009 gre d | ||
| 035 | |l 10110470 | ||
| 040 | |a GR-MY-UA |b gre |e aacr | ||
| 041 | 0 | |a gre | |
| 082 | 0 | |a 519.55 |2 (22) | |
| 100 | 1 | |a Τσουκάρη, Αγγελική. | |
| 245 | 1 | 0 | |a Μέθοδοι και τεχνικές πρόβλεψης ζήτησης στην μεταποίηση : |b η περίπτωση της ποτοποιίας Τέττερης : [μετατπτυχιακή] / |c Αγγελική Τσουκάρη ; επιβλέπων Β. Ζεϊμπέκης |
| 260 | |c 2009 | ||
| 300 | |a 97 σ.; |b πίν.; |c 30 εκ. | ||
| 502 | |a Διατριβή (μεταπτυχιακή) – Πανεπιστήμιο Αιγαίου, Χίος, 2009. | ||
| 504 | |a Περιλαμβάνει βιβλιογραφία | ||
| 650 | 0 | 0 | |a Time-series analysis. |
| 650 | 0 | 0 | |a Forecasting |x Statistical methods. |
| 650 | 0 | 0 | |a Wine industry |z Greece |z Chios Island. |
| 650 | 0 | 0 | |a Dissertations, Academic |z Greece. |
| 700 | 1 | |a Ζεϊμπέκης, Βασίλειος. |4 ths | |
| 710 | 1 | |a Πανεπιστήμιο Αιγαίου |b Σχολή Επιστημών της Διοίκησης |b Τμήμα Μηχανικών Οικονομίας και Διοίκησης |b Μεταπτυχιακό Πρόγραμμα Σπουδών "Οικονομική & Διοίκηση για Μηχανικούς" - Ο.ΔΙ.Μ. | |
| 852 | |a INST |b CHIOS |c DIATR |e 20110712 |h 519.55 ΤΣΟ |p 005200032356 |q 005200032356 |t MTXE |y 23 | ||
| 852 | |a INST |b CHIOS |c DIATR |e 20110712 |h 519.55 ΤΣΟ |p 005200032357 |q 005200032357 |t MTXE |y 23 | ||
| 856 | |u http://hdl.handle.net/11610/14713 | ||
| 901 | |a BIBL2-2011-2 | ||
| 909 | |a Χ |b 148508 | ||
| 909 | |a Χ |b 148509 | ||
| 924 | |a ΤΣΟΥΚΑΡΗ |b ΑΓΓΕΛΙΚΗ |y ΧΙΟΣ |z 2009-11 | ||
| 970 | |a ΠΑΡΟΙΚΑΚΗ |b ΒΑΣΙΛΙΚΗ |z 2011/07/12 | ||